Board exam guide in structural design and construction : steel, timber, concrete / (Record no. 5685)

MARC details
000 -LEADER
fixed length control field 00781nam a22002057a 4500
003 - CONTROL NUMBER IDENTIFIER
control field OSt
005 - DATE AND TIME OF LATEST TRANSACTION
control field 20251117082630.0
008 - FIXED-LENGTH DATA ELEMENTS--GENERAL INFORMATION
fixed length control field 251117b |||||||| |||| 00| 0 eng d
020 ## - INTERNATIONAL STANDARD BOOK NUMBER
International Standard Book Number 971-928-1-56
040 ## - CATALOGING SOURCE
Original cataloging agency DWCL-Admin lib
Transcribing agency OC
082 ## - DEWEY DECIMAL CLASSIFICATION NUMBER
Classification number Fil. 624.17 P123b 2003
100 ## - MAIN ENTRY--PERSONAL NAME
Personal name Padilla, Perfecto B. Jr.
245 ## - TITLE STATEMENT
Title Board exam guide in structural design and construction : steel, timber, concrete /
Statement of responsibility, etc. Perfecto B. Padilla, Jr.
260 ## - PUBLICATION, DISTRIBUTION, ETC.
Place of publication, distribution, etc. Manila :
Name of publisher, distributor, etc. Padilla Civil Engineering Review School & ub. ,
Date of publication, distribution, etc. c2003
300 ## - PHYSICAL DESCRIPTION
Extent 520 p. : ill. ;
Dimensions 18 cm.
504 ## - BIBLIOGRAPHY, ETC. NOTE
Bibliography, etc. note Includes appendix, index & references
650 ## - SUBJECT ADDED ENTRY--TOPICAL TERM
Topical term or geographic name entry element 1. Design and construction-Problems, exercises, etc.
650 ## - SUBJECT ADDED ENTRY--TOPICAL TERM
Topical term or geographic name entry element 2. Structural analysis and design-Problems, guides etc.
942 ## - ADDED ENTRY ELEMENTS (KOHA)
Source of classification or shelving scheme Dewey Decimal Classification
Koha item type Book-Filipiniana
Call number prefix Fil.
Suppress in OPAC No
952 ## - LOCATION AND ITEM INFORMATION (KOHA)
--
Holdings
Withdrawn status Lost status Source of classification or shelving scheme Damaged status Not for loan Home library Current library Shelving location Date acquired Source of acquisition Cost, normal purchase price Total Checkouts Full call number Barcode Date last seen Copy number Price effective from Koha item type Uniform Resource Identifier
    Dewey Decimal Classification     College Library College Library Filipiniana 06/08/2011 Donation 0.00   Fil. 624.17 P123b 2003 48391 11/17/2025 c1 11/17/2025 BK - FIL